|
|
|
|
| LEADER |
00000cam a22000004a 4500 |
| 001 |
musev2_24682 |
| 003 |
MdBmJHUP |
| 005 |
20230905042629.0 |
| 006 |
m o d |
| 007 |
cr||||||||nn|n |
| 008 |
101101s2010 mnu o 00 0 eng d |
| 020 |
|
|
|a 9780816675326
|
| 020 |
|
|
|z 9780816666003
|
| 020 |
|
|
|z 0816675325
|
| 035 |
|
|
|a (OCoLC)676695864
|
| 040 |
|
|
|a MdBmJHUP
|c MdBmJHUP
|
| 100 |
1 |
|
|a Scott, Rebecca R.
|
| 245 |
1 |
0 |
|a Removing Mountains :
|b Extracting Nature and Identity in the Appalachian Coalfields /
|c Rebecca R. Scott.
|
| 264 |
|
1 |
|a Minneapolis :
|b University of Minnesota Press,
|c 2010.
|
| 264 |
|
3 |
|a Baltimore, Md. :
|b Project MUSE,
|c 2014
|
| 264 |
|
4 |
|c ©2010.
|
| 300 |
|
|
|a 1 online resource (296 pages):
|b illustrations
|
| 336 |
|
|
|a text
|b txt
|2 rdacontent
|
| 337 |
|
|
|a computer
|b c
|2 rdamedia
|
| 338 |
|
|
|a online resource
|b cr
|2 rdacarrier
|
| 505 |
0 |
|
|a Introduction: the logic of extraction -- Hillbillies and coal miners: representations of a national sacrifice zone -- Men moving mountains: coal mining masculinities and mountaintop removal -- The gendered politics of pro-mountaintop removal discourse -- ATVs in action: transgression, property rights, and tourism on the Hatfield-McCoy trail -- Coal heritage/coal history: Appalachia, America, and mountaintop removal -- Traces of history: "white" people, black coal -- Conclusion: coal facts.
|
| 520 |
|
|
|a An ethnography of coal country in southern West Virginia.
|
| 588 |
|
|
|a Description based on print version record.
|
| 650 |
|
7 |
|a Social conditions.
|2 fast
|0 (OCoLC)fst01919811
|
| 650 |
|
7 |
|a Environmentalism.
|2 fast
|0 (OCoLC)fst00913543
|
| 650 |
|
7 |
|a Economic history.
|2 fast
|0 (OCoLC)fst00901974
|
| 650 |
|
7 |
|a Coal mines and mining
|x Social aspects.
|2 fast
|0 (OCoLC)fst00865449
|
| 650 |
|
7 |
|a Appalachians (People)
|2 fast
|0 (OCoLC)fst00811516
|
| 650 |
|
7 |
|a SOCIAL SCIENCE
|x Human Geography.
|2 bisacsh
|
| 650 |
|
7 |
|a TECHNOLOGY & ENGINEERING
|x Power Resources
|x Fossil Fuels.
|2 bisacsh
|
| 650 |
|
0 |
|a Appalachians (People)
|
| 650 |
|
0 |
|a Environmentalism
|z Appalachian Region.
|
| 650 |
|
0 |
|a Mountaintop removal mining
|x Social aspects
|z Appalachian Region.
|
| 650 |
|
0 |
|a Coal mines and mining
|x Social aspects
|z Appalachian Region.
|
| 651 |
|
7 |
|a Appalachian Region.
|2 fast
|0 (OCoLC)fst01240092
|
| 651 |
|
0 |
|a Appalachian Region
|x Economic conditions.
|
| 651 |
|
0 |
|a Appalachian Region
|x Social conditions.
|
| 655 |
|
0 |
|a Electronic book.
|
| 655 |
|
7 |
|a Electronic books.
|2 local
|
| 710 |
2 |
|
|a Project Muse.
|e distributor
|
| 830 |
|
0 |
|a Book collections on Project MUSE.
|
| 856 |
4 |
0 |
|z Texto completo
|u https://projectmuse.uam.elogim.com/book/24682/
|
| 945 |
|
|
|a Project MUSE - Custom Collection
|
| 945 |
|
|
|a Project MUSE - Archive Complete Supplement II
|
| 945 |
|
|
|a Project MUSE - Archive US Regional Studies, South Supplement II
|
| 945 |
|
|
|a Project MUSE - Archive American Studies Supplement
|